| 000 | 00814nam a2200253 a 4500 | ||
|---|---|---|---|
| 001 | 48072 | ||
| 003 | BD-RjUL | ||
| 005 | 20211209054444.0 | ||
| 008 | 160811s1955 ii ||||| |||| 00| f ben d | ||
| 020 | _c: 4.00 | ||
| 035 | _a(BD-RjUL)48191 | ||
| 040 |
_aBD-RjUL _bben _cBD-RjUL |
||
| 041 | _aben | ||
| 082 |
_223 _a895.13 _bCAR 1955 |
||
| 100 | 1 |
_aচাঅ, লাঅ _9145735 |
|
| 245 | 1 | 0 | _aরিক্সাওয়ালা / |
| 250 | _aশোভন সং | ||
| 260 |
_aকলিকাতা : _bভারতী লাইব্রেরী, _c১৯৫৫ |
||
| 300 |
_a২৯৭ পৃ. ; _c২১ সেমি. |
||
| 650 |
_aচীনা উপন্যাস _9145736 |
||
| 650 |
_aChinese fiction _9145737 |
||
| 700 |
_aগুহ, অশোক, অনুবাদক _9145738 |
||
| 942 |
_2ddc _cBK |
||
| 999 |
_c48072 _d48072 |
||